Welcome to CU Library Online Public Access Catalogue (OPAC)

College geometry : (Record no. 1473)

MARC details
000 -LEADER
fixed length control field 00706pam a2200205 a 4500
001 - CONTROL NUMBER
control field 1108336
005 - DATE AND TIME OF LATEST TRANSACTION
control field 20241122172226.0
008 - FIXED-LENGTH DATA ELEMENTS--GENERAL INFORMATION
fixed length control field 931020s1994 nyua 001 0 eng
020 ## - INTERNATIONAL STANDARD BOOK NUMBER
International Standard Book Number 9780023854507
050 00 - LIBRARY OF CONGRESS CALL NUMBER
Classification number QA455
Item number .M87 1994
082 00 - DEWEY DECIMAL CLASSIFICATION NUMBER
Classification number 516
Edition information 20
100 1# - MAIN ENTRY--PERSONAL NAME
Personal name Musser, Gary L.
245 10 - TITLE STATEMENT
Title College geometry :
Remainder of title a problem-solving approach with applications /
Statement of responsibility, etc. Gary L. Musser, Lynn E. Trimpe.
260 ## - PUBLICATION, DISTRIBUTION, ETC.
Place of publication, distribution, etc. New York :
Name of publisher, distributor, etc. Macmillan College Pub. Co. ;
Place of publication, distribution, etc. Toronto :
Name of publisher, distributor, etc. Maxwell Macmillan Canada ;
Place of publication, distribution, etc. New York :
Name of publisher, distributor, etc. Maxwell Macmillan International,
Date of publication, distribution, etc. c1994.
300 ## - PHYSICAL DESCRIPTION
Extent xvi, 592 p. :
Other physical details ill. ;
Dimensions 25 cm.
500 ## - GENERAL NOTE
General note Includes indexes.
650 #0 - SUBJECT ADDED ENTRY--TOPICAL TERM
Topical term or geographic name entry element Geometry.
700 1# - ADDED ENTRY--PERSONAL NAME
Personal name Trimpe, Lynn E.
942 ## - ADDED ENTRY ELEMENTS (KOHA)
Source of classification or shelving scheme Library of Congress Classification
Koha item type Books
Suppress in OPAC No
999 ## -
-- 1473
-- 1473
Holdings
Withdrawn status Lost status Source of classification or shelving scheme Damaged status Not for loan Collection Home library Current library Shelving location Date acquired Total checkouts Full call number Barcode Date last seen Copy number Price effective from Koha item type
    Library of Congress Classification     Non-fiction Science Library (Miotso) Science Library (Miotso) General stacks 10/26/2024   QA455 .M87 MUS SLM00000774 11/22/2024 1 11/22/2024 Books
© 2023-2024 Copyright: Central University Libraries. All Rights Reserved | Created by: Mahone Tech Office